[Event "Staufer op 22nd"]
[Site "Schwaebisch Gmuend"]
[Date "2010.01.02"]
[Round "2"]
[White "Nabavi, Parwis"]
[Black "Stuermer, Axel"]
[Result "1-0"]
[WhiteElo "2228"]
[BlackElo "2017"]
[PlyCount "31"]
[EventDate "2010.01.02"]
[EventType "swiss"]
[EventRounds "9"]
[EventCountry "GER"]
[SourceTitle "CBM 134 Extra"]
[Source "ChessBase"]
[SourceDate "2010.03.03"]
[SourceVersion "1"]
[SourceVersionDate "2010.03.03"]
[SourceQuality "1"]

1. d4 Nf6 2. c4 e5 3. dxe5 Ne4 4. Nf3 b6 5. Nbd2 Nc5 6. b3 Be7 7. Bb2 Bb7 8. e3 Nc6 9. Be2 0-0 10. 0-0 a5 11. a3 Re8 12. Qc2 Bf8 13. Bc3 Kh8 14. Rfd1 Ne7 15. Ng5 Ng6 16. Nxf7+ 1-0

[Event "Ulm/Neu Ulm-ch"]
[Site "Ulm/Neu Ulm"]
[Date "2006.11.17"]
[Round "5"]
[White "Braun, Stefan"]
[Black "Stuermer, Axel"]
[Result "1-0"]
[WhiteElo "1745"]
[BlackElo "1845"]
[PlyCount "127"]
[EventDate "2006.09.22"]
[EventType "swiss"]
[EventRounds "7"]
[EventCountry "GER"]
[SourceTitle "EXT 2011"]
[Source "ChessBase"]
[SourceDate "2010.11.26"]
[SourceVersion "1"]
[SourceVersionDate "2010.11.26"]
[SourceQuality "1"]

1. d4 Nf6 2. c4 e5 3. dxe5 Ne4 4. a3 a5 5. Nf3 b6 6. Qd5 Bb7 7. Qxb7 Nc6 8. Nd4 Bc5 9. Nxc6 Bxf2+ 10. Kd1 dxc6+ 11. Kc2 0-0 12. Qxc6 Qd4 13. Qd5 Rfe8 14. Qxd4 Bxd4 15. e3 Bxe5 16. Be2 c6 17. Nc3 Nd6 18. Bd2 a4 19. Rad1 Reb8 20. Be1 Re8 21. Bd2 Rec8 22. g3 g6 23. Rhf1 Kg7 24. e4 Re8 25. Bf4 Bxf4 26. Rxf4 Rad8 27. e5 Rxe5 28. Rfd4 Re6 29. Bf3 c5 30. R4d3 Rf6 31. Ne4 Nxe4 32. Bxe4 Re8 33. Bg2 Ree6 34. R1d2 h5 35. Bh3 Re4 36. Kc3 h4 37. Bd7 hxg3 38. hxg3 Rf1 39. Bxa4 Rc1+ 40. Bc2 Rg1 41. Rf3 Re7 42. b4 Ra7 43. Kb2 cxb4 44. axb4 f5 45. Rdd3 Kh6 46. Rb3 Kg5 47. c5 bxc5 48. bxc5 Rc7 49. Rfc3 f4 50. gxf4+ Kxf4 51. c6 Ke5 52. Rb7 Kd6 53. Be4 Rd1 54. Rxc7 Kxc7 55. Bxg6 Re1 56. Bh5 Rh1 57. Bf3 Rh3 58. Kb3 Rg3 59. Kb4 Rg8 60. Kc5 Ra8 61. Rb3 Rg8 62. Rb7+ Kc8 63. Bd5 Rg5 64. Kd6 1-0

[Event "Ulm/Neu Ulm-ch"]
[Site "Ulm/Neu Ulm"]
[Date "2005.??.??"]
[Round "?"]
[White "Andritzke, Karl Heinz"]
[Black "Stuermer, Axel"]
[Result "0-1"]
[WhiteElo "1467"]
[BlackElo "1857"]
[PlyCount "46"]
[EventDate "2005.11.26"]
[EventType "swiss"]
[EventRounds "7"]
[EventCountry "GER"]
[SourceTitle "EXT 2011"]
[Source "ChessBase"]
[SourceDate "2010.11.26"]
[SourceVersion "1"]
[SourceVersionDate "2010.11.26"]
[SourceQuality "1"]

1. d4 Nf6 2. c4 e5 3. Nf3 e4 4. Ng5 c6 5. Nc3 d5 6. e3 a6 7. Qb3 Bd6 8. cxd5 cxd5 9. Nxd5 Nxd5 10. Qxd5 Bb4+ 11. Bd2 Bxd2+ 12. Kxd2 Qxd5 13. f4 Bg4 14. Rc1 Nc6 15. Bc4 Qa5+ 16. Rc3 0-0 17. Nxe4 Rad8 18. Kc1 b5 19. Bb3 Nb4 20. a3 Bf5 21. Nc5 Rc8 22. e4 Rxc5 23. exf5 Rxc3+ 0-1

[Event "Ulm/Neu Ulm-ch"]
[Site "Ulm/Neu Ulm"]
[Date "2004.12.10"]
[Round "7"]
[White "Lepschi, Albert"]
[Black "Stuermer, Axel"]
[Result "1/2-1/2"]
[WhiteElo "1699"]
[BlackElo "1904"]
[PlyCount "27"]
[EventDate "2004.09.17"]
[EventType "swiss"]
[EventRounds "7"]
[EventCountry "GER"]
[SourceTitle "EXT 2011"]
[Source "ChessBase"]
[SourceDate "2010.11.26"]
[SourceVersion "1"]
[SourceVersionDate "2010.11.26"]
[SourceQuality "1"]

1. e4 c6 2. c4 Qa5 3. Nc3 Nf6 4. Nf3 d6 5. Be2 e5 6. Qc2 c5 7. 0-0 Nc6 8. d3 Bg4 9. Qd1 h6 10. Bd2 Qd8 11. Ne1 Bxe2 12. Nxe2 g5 13. Ng3 Qd7 14. Qf3 1/2-1/2